| 000 | 00667nam a2200205Ii 4500 | ||
|---|---|---|---|
| 003 | JO-AjNU | ||
| 008 | 230605s9999||||xx |||||||||||||| ||und|| | ||
| 017 | _a2007/2/530 | ||
| 040 |
_aJO-AjNU _bara _erda _cJO-AjNU |
||
| 041 | _aara | ||
| 050 | 1 | 4 | _aPJ7914 2007 |
| 100 | 3 |
_aحمدان،يوسف, _eauthor _911724 |
|
| 245 | 0 | 0 | _aنقش المعمول: مقالات وقراءات في أدب الأطفال وثقافتهم |
| 264 | 3 | 1 | _aعمان: المؤلف، 2007 |
| 300 | _a100ص | ||
| 336 |
_atext _btxt _2rdacontent |
||
| 337 |
_aunmediated _bn _2rdamedia |
||
| 338 |
_avolume _bnc _2rdacarrier |
||
| 650 | 4 |
_aالأدب العربي - قصص أطفال _911725 |
|
| 999 |
_aA2472 _c6040 _d6040 |
||